[Event "FAI-ch"]
[Site "Torshavn"]
[Date "2019.04.17"]
[Round "5"]
[White "Thorsteinsson, Sjurdur"]
[Black "Simonsen, Hans Kristian"]
[Result "0-1"]
[WhiteElo "2228"]
[BlackElo "2147"]
[PlyCount "92"]
[EventDate "2019.04.13"]
[EventType "tourn"]
[EventRounds "7"]
[EventCountry "FAI"]
[EventCategory "3"]
[SourceTitle "CBM 189 Extra"]
[Source "ChessBase"]
[SourceDate "2019.06.03"]
[SourceVersion "1"]
[SourceVersionDate "2019.06.03"]
[SourceQuality "1"]

1. e4 e5 2. Bc4 Nf6 3. d3 Nc6 4. Nc3 Na5 5. Qf3 Nxc4 6. dxc4 d6 7. h3 Be6 8. b3 Be7 9. Nge2 0-0 10. 0-0 c6 11. Rd1 Qc7 12. a4 Rad8 13. Ng3 Rd7 14. Rd3 Rfd8 15. Ba3 g6 16. Rad1 Ne8 17. Qe3 b6 18. Qd2 Bf8 19. Nd5 Qb7 20. Ne3 h5 21. Nef5 f6 22. Nh4 Kh7 23. Qe2 Bf7 24. Nf1 Ng7 25. Bc1 d5 26. cxd5 cxd5 27. exd5 Rxd5 28. Ne3 Rxd3 29. Rxd3 Rxd3 30. Qxd3 Ne6 31. Nc4 Nc5 32. Qd8 Be7 33. Qd2 Qe4 34. Nf3 Bxc4 35. bxc4 Bf8 36. a5 Qxc4 37. axb6 axb6 38. Ba3 Bg7 39. Bc1 Ne6 40. Ba3 e4 41. Ne1 f5 42. g3 Nd4 43. Be7 f4 44. gxf4 Qe6 45. c3 Nf3+ 46. Nxf3 exf3 0-1

[Event "EU Small Countries ol 6th"]
[Site "San Marino"]
[Date "2019.03.27"]
[Round "6.2"]
[White "Simonsen, Hans Kristian"]
[Black "Dornbusch, Tatiana"]
[Result "0-1"]
[WhiteElo "2147"]
[BlackElo "2282"]
[PlyCount "66"]
[EventDate "2019.03.24"]
[EventType "team-tourn"]
[EventRounds "9"]
[EventCountry "SMR"]
[SourceTitle "CBM 189 Extra"]
[Source "ChessBase"]
[SourceDate "2019.06.03"]
[SourceVersion "1"]
[SourceVersionDate "2019.06.03"]
[SourceQuality "1"]
[WhiteTeam "Faroe Islands"]
[BlackTeam "Monaco"]
[WhiteTeamCountry "FAI"]
[BlackTeamCountry "MNC"]

1. d4 Nf6 2. Bf4 c5 3. d5 g6 4. Nc3 Bg7 5. e4 d6 6. Qd2 0-0 7. Nf3 Bg4 8. Be2 Nbd7 9. h3 Bxf3 10. Bxf3 a6 11. 0-0 b5 12. Rae1 Qc7 13. Bd1 b4 14. Na4 a5 15. Bh6 Rfe8 16. Bxg7 Kxg7 17. f4 e6 18. b3 exd5 19. exd5 Nb6 20. Nxb6 Qxb6 21. Rxe8 Rxe8 22. f5 c4+ 23. Kh2 Qe3 24. Qxe3 Rxe3 25. fxg6 hxg6 26. Bf3 Rc3 27. Rf2 Nd7 28. Rd2 a4 29. bxa4 Ne5 30. Be2 Ra3 31. Rd4 Rxa2 32. Bxc4 Rxc2 33. Bb3 Nf3+ 0-1

[Event "EU Small Countries ol 6th"]
[Site "San Marino"]
[Date "2019.03.25"]
[Round "3.5"]
[White "Aloma Vidal, Roberto"]
[Black "Simonsen, Hans Kristian"]
[Result "1-0"]
[WhiteElo "2427"]
[BlackElo "2147"]
[PlyCount "47"]
[EventDate "2019.03.24"]
[EventType "team-tourn"]
[EventRounds "9"]
[EventCountry "SMR"]
[SourceTitle "CBM 189 Extra"]
[Source "ChessBase"]
[SourceDate "2019.06.03"]
[SourceVersion "1"]
[SourceVersionDate "2019.06.03"]
[SourceQuality "1"]
[WhiteTeam "Andorra"]
[BlackTeam "Faroe Islands"]
[WhiteTeamCountry "AND"]
[BlackTeamCountry "FAI"]

1. Nf3 Nf6 2. c4 e6 3. g3 b6 4. Bg2 Bb7 5. 0-0 g6 6. d4 Bg7 7. Nc3 Ne4 8. Qc2 Nxc3 9. bxc3 0-0 10. e4 d6 11. a4 Nc6 12. c5 dxc5 13. dxc5 Nb4 14. cxb4 Bxa1 15. c6 Ba6 16. b5 Bc8 17. e5 f6 18. Rd1 Qe7 19. Bh6 Qa3 20. Bxf8 Kxf8 21. Qd2 Kg7 22. Qd8 fxe5 23. Qxc7+ Kh6 24. g4 1-0

[Event "FAI-ch"]
[Site "Torshavn"]
[Date "2018.03.30"]
[Round "7"]
[White "Simonsen, Hans Kristian"]
[Black "Nolsoe, Rani"]
[Result "1-0"]
[WhiteElo "2151"]
[BlackElo "2075"]
[PlyCount "93"]
[EventDate "2018.03.24"]
[EventType "tourn"]
[EventRounds "7"]
[EventCountry "FAI"]
[SourceTitle "CBM 183 Extra"]
[Source "ChessBase"]
[SourceDate "2018.04.19"]
[SourceVersion "1"]
[SourceVersionDate "2018.04.19"]
[SourceQuality "1"]

1. Nc3 d6 2. f4 Nf6 3. Nf3 Nbd7 4. e4 e5 5. Bc4 exf4 6. d4 Nh5 7. g4 Nb6 8. Bxf7+ Kxf7 9. gxh5 Be7 10. Bxf4 Rf8 11. h6 Kg8 12. Bg3 Bg4 13. Rf1 gxh6 14. Qd3 Rxf3 15. Rxf3 Bxf3 16. Qxf3 Bg5 17. Qg4 Qc8 18. Qxc8+ Rxc8 19. b3 Kf7 20. Ke2 Ke7 21. a4 a6 22. a5 Nd7 23. Rf1 c6 24. Kd3 Bf6 25. Nd1 c5 26. c3 cxd4 27. cxd4 Rc1 28. Ne3 Rxf1 29. Nxf1 Nb8 30. Ne3 Nc6 31. Nf5+ Kd7 32. Be1 Bg5 33. Kc4 Bc1 34. b4 Na7 35. Bg3 Nb5 36. e5 dxe5 37. Bxe5 Bd2 38. Ng3 Na3+ 39. Kb3 Nb5 40. d5 Be3 41. Ne4 Nc7 42. Kc4 Nb5 43. Nc5+ Kc8 44. d6 Bg5 45. d7+ Kd8 46. Kd5 Nc7+ 47. Kc4 1-0

[Event "FAI-ch"]
[Site "Torshavn"]
[Date "2018.03.29"]
[Round "6"]
[White "Mortensen, Rogvi"]
[Black "Simonsen, Hans Kristian"]
[Result "1/2-1/2"]
[WhiteElo "2018"]
[BlackElo "2151"]
[PlyCount "120"]
[EventDate "2018.03.24"]
[EventType "tourn"]
[EventRounds "7"]
[EventCountry "FAI"]
[SourceTitle "CBM 183 Extra"]
[Source "ChessBase"]
[SourceDate "2018.04.19"]
[SourceVersion "1"]
[SourceVersionDate "2018.04.19"]
[SourceQuality "1"]

1. d4 e6 2. c4 f5 3. g3 Nf6 4. Bg2 Be7 5. Nf3 0-0 6. 0-0 d6 7. b3 Qe8 8. Bb2 Qh5 9. Nc3 a5 10. e3 g5 11. Ne1 Qg6 12. Nd3 Rf7 13. Qe2 c6 14. e4 Nh5 15. exf5 exf5 16. d5 c5 17. Nb5 Na6 18. f4 Bd7 19. a3 Re8 20. Qf2 h6 21. Rae1 Nf6 22. Qc2 Bf8 23. Rxe8 Nxe8 24. Qc3 Bg7 25. Qxa5 Bxb2 26. Nxb2 Qf6 27. Qc3 Qd8 28. Nd3 Qb6 29. a4 Bxb5 30. axb5 Nb4 31. Re1 Ng7 32. fxg5 Nxd3 33. g6 Nxe1 34. gxf7+ Kxf7 35. Qxe1 Qd8 36. b4 cxb4 37. Qxb4 Qe7 38. Qc3 b6 39. Qd4 Qc7 40. Qf4 Qc5+ 41. Kh1 Qb4 42. Bf1 Kg6 43. Bd3 h5 44. h3 Qa3 45. Qf3 Qc1+ 46. Kg2 Qd2+ 47. Kg1 Qe1+ 48. Kg2 Qe5 49. Qf2 h4 50. g4 Kg5 51. Bxf5 Qc3 52. Qf3 Qd2+ 53. Kf1 Ne8 54. Bd3 Qc1+ 55. Kg2 Qb2+ 56. Kg1 Qd4+ 57. Kg2 Qb2+ 58. Kg1 Qd4+ 59. Kg2 Qb2+ 60. Kg1 Qd4+ 1/2-1/2

[Event "FAI-chT 1718"]
[Site "Faroe Islands"]
[Date "2018.02.25"]
[Round "8.3"]
[White "Hansen, Herluf"]
[Black "Simonsen, Hans Kristian"]
[Result "1-0"]
[WhiteElo "2008"]
[BlackElo "2174"]
[PlyCount "27"]
[EventDate "2017.10.22"]
[EventType "team-tourn"]
[EventRounds "10"]
[EventCountry "FAI"]
[SourceTitle "EXT 2019"]
[Source "ChessBase"]
[SourceDate "2018.10.10"]
[SourceVersion "1"]
[SourceVersionDate "2018.10.10"]
[SourceQuality "1"]
[WhiteTeam "Havnin"]
[BlackTeam "Kollafjordur"]
[WhiteTeamCountry "FAI"]
[BlackTeamCountry "FAI"]

1. d4 e6 2. Nc3 d5 3. e4 Bb4 4. Bd3 dxe4 5. Bxe4 Nf6 6. Bd3 0-0 7. Nge2 b6 8. 0-0 Bb7 9. Bg5 Be7 10. Qd2 Nc6 11. Rad1 e5 12. dxe5 Nxe5 13. Qf4 Nfd7 14. Qh4 1-0

[Event "FAI-chT 1718"]
[Site "Faroe Islands"]
[Date "2018.01.07"]
[Round "3.2"]
[White "Simonsen, Hans Kristian"]
[Black "Hansen, Herluf"]
[Result "1/2-1/2"]
[WhiteElo "2174"]
[BlackElo "2008"]
[PlyCount "79"]
[EventDate "2017.10.22"]
[EventType "team-tourn"]
[EventRounds "10"]
[EventCountry "FAI"]
[SourceTitle "EXT 2019"]
[Source "ChessBase"]
[SourceDate "2018.10.10"]
[SourceVersion "1"]
[SourceVersionDate "2018.10.10"]
[SourceQuality "1"]
[WhiteTeam "Kollafjordur"]
[BlackTeam "Havnin II"]
[WhiteTeamCountry "FAI"]
[BlackTeamCountry "FAI"]

1. d4 d5 2. c4 c6 3. Nf3 Nf6 4. e3 e6 5. Nbd2 Nbd7 6. b3 b6 7. Bd3 Bb7 8. 0-0 Be7 9. Bb2 0-0 10. Qe2 Rc8 11. Rad1 Qc7 12. Ne5 c5 13. Nxd7 Nxd7 14. dxc5 bxc5 15. cxd5 exd5 16. e4 Bf6 17. Bxf6 Nxf6 18. e5 Rfe8 19. f4 g6 20. Qf2 Nh5 21. Rde1 f5 22. exf6 Nxf6 23. f5 g5 24. Nf3 Rxe1 25. Rxe1 h6 26. Re6 Rf8 27. Qb2 Kg7 28. Qe2 Rf7 29. h4 Qf4 30. hxg5 hxg5 31. Ne5 Qd4+ 32. Qf2 Qa1+ 33. Bf1 Rc7 34. Nf3 Ne4 35. Qe3 Rf7 36. Rg6+ Kf8 37. Nxg5 Rxf5 38. Nf3 Qh8 39. g4 Rf6 40. Rxf6+ 1/2-1/2

[Event "Runavik op"]
[Site "Runavik"]
[Date "2017.11.25"]
[Round "7"]
[White "Berg, Margar"]
[Black "Simonsen, Hans Kristian"]
[Result "1-0"]
[WhiteElo "1758"]
[BlackElo "2185"]
[PlyCount "63"]
[EventDate "2017.11.20"]
[EventType "swiss"]
[EventRounds "9"]
[EventCountry "FAI"]
[SourceTitle "CBM 181 Extra"]
[Source "ChessBase"]
[SourceDate "2017.12.12"]
[SourceVersion "1"]
[SourceVersionDate "2017.12.12"]
[SourceQuality "1"]

1. d4 d5 2. Bg5 Nc6 3. e3 Bf5 4. c4 Bxb1 5. Rxb1 f6 6. Bh4 e5 7. c5 Nh6 8. b4 exd4 9. exd4 Nf5 10. Nf3 g5 11. b5 Nce7 12. Bg3 h5 13. h4 g4 14. Ng1 Nxg3 15. fxg3 Bh6 16. Rb3 0-0 17. Bd3 f5 18. Bb1 a6 19. b6 cxb6 20. Rxb6 Nc6 21. Ne2 Be3 22. Qd3 Qe7 23. Rf1 Rae8 24. Kd1 Qe4 25. Qxe4 dxe4 26. Rxb7 Rd8 27. Rb6 Nxd4 28. Nxd4 Bxd4 29. Rxa6 Bxc5+ 30. Ke2 Rb8 31. Bc2 Rb2 32. Kd1 1-0

[Event "Runavik op"]
[Site "Runavik"]
[Date "2017.11.22"]
[Round "3"]
[White "Pinheiro Diamant, Jonatan"]
[Black "Simonsen, Hans Kristian"]
[Result "0-1"]
[WhiteElo "1743"]
[BlackElo "2185"]
[PlyCount "54"]
[EventDate "2017.11.20"]
[EventType "swiss"]
[EventRounds "9"]
[EventCountry "FAI"]
[SourceTitle "CBM 181 Extra"]
[Source "ChessBase"]
[SourceDate "2017.12.12"]
[SourceVersion "1"]
[SourceVersionDate "2017.12.12"]
[SourceQuality "1"]

1. e4 c5 2. Nf3 Nc6 3. Nc3 e6 4. d4 cxd4 5. Nxd4 Nf6 6. Be2 Bb4 7. 0-0 Bxc3 8. bxc3 Nxe4 9. Qd3 d5 10. Nxc6 bxc6 11. c4 0-0 12. cxd5 cxd5 13. c4 Ba6 14. Qd4 Qf6 15. Bb2 Qxd4 16. Bxd4 Rfc8 17. Rfc1 Nd2 18. Rc2 Nxc4 19. Rac1 f6 20. Bf3 Rc7 21. g4 Rd8 22. h4 e5 23. Bb2 d4 24. Kh2 d3 25. Rc3 d2 26. Rd1 e4 27. Be2 Nxb2 0-1

[Event "FAI-chT 1718"]
[Site "Faroe Islands"]
[Date "2017.10.22"]
[Round "1.2"]
[White "Simonsen, Hans Kristian"]
[Black "Nolsoe, Eydun"]
[Result "1-0"]
[WhiteElo "2174"]
[BlackElo "2193"]
[PlyCount "47"]
[EventDate "2017.10.22"]
[EventType "team-tourn"]
[EventRounds "10"]
[EventCountry "FAI"]
[SourceTitle "EXT 2019"]
[Source "ChessBase"]
[SourceDate "2018.10.10"]
[SourceVersion "1"]
[SourceVersionDate "2018.10.10"]
[SourceQuality "1"]
[WhiteTeam "Kollafjordur"]
[BlackTeam "Klaksvik"]
[WhiteTeamCountry "FAI"]
[BlackTeamCountry "FAI"]

1. c4 e5 2. Nc3 Nf6 3. Nf3 Nc6 4. d3 d5 5. cxd5 Nxd5 6. e4 Nb6 7. Be2 Be7 8. 0-0 0-0 9. a4 a5 10. Be3 Be6 11. Nb5 f5 12. exf5 Bxf5 13. Nxc7 Qxc7 14. Qb3+ Kh8 15. Qxb6 Qd7 16. Rfd1 Bb4 17. d4 Bc2 18. Rdc1 exd4 19. Nxd4 Bxa4 20. Rxa4 Nxd4 21. Bxd4 Qxa4 22. Qh6 Rf6 23. Bxf6 Bf8 24. Bd3 1-0

[Event "Faroes op"]
[Site "Kollafjord"]
[Date "2017.07.19"]
[Round "9"]
[White "Simonsen, Hans Kristian"]
[Black "Nielsen, Hogni Egilstoft"]
[Result "0-1"]
[WhiteElo "2180"]
[BlackElo "2323"]
[PlyCount "52"]
[EventDate "2017.07.12"]
[EventType "swiss"]
[EventRounds "9"]
[EventCountry "FAI"]
[SourceTitle "EXT 2018"]
[Source "ChessBase"]
[SourceDate "2017.10.13"]
[SourceVersion "1"]
[SourceVersionDate "2017.10.13"]
[SourceQuality "1"]

1. d4 Nf6 2. c4 e6 3. Nf3 d5 4. Nc3 Be7 5. Bf4 0-0 6. e3 c6 7. Qc2 Nbd7 8. 0-0-0 Qa5 9. cxd5 exd5 10. Kb1 b5 11. Ne5 Nxe5 12. dxe5 Nd7 13. Bd3 h6 14. Ne2 c5 15. Ng3 Nb6 16. Bf5 c4 17. Bxc8 Rfxc8 18. e6 b4 19. exf7+ Kxf7 20. Be5 b3 21. Qf5+ Bf6 22. a3 c3 23. bxc3 Qxa3 24. Rd2 Nc4 25. Qd7+ Kf8 26. Bd6+ Nxd6 0-1

[Event "FAI-chT 1617"]
[Site "Faroe Islands"]
[Date "2017.01.28"]
[Round "6.1"]
[White "Simonsen, Hans Kristian"]
[Black "Nielsen, Rogvi Egilstoft"]
[Result "0-1"]
[WhiteElo "2153"]
[BlackElo "2342"]
[PlyCount "60"]
[EventDate "2016.10.23"]
[EventType "team-tourn"]
[EventRounds "10"]
[EventCountry "FAI"]
[SourceTitle "EXT 2020"]
[Source "ChessBase"]
[SourceDate "2019.10.17"]
[SourceVersion "1"]
[SourceVersionDate "2019.10.17"]
[SourceQuality "1"]
[WhiteTeam "Kollafjordur"]
[BlackTeam "Sandavagur"]
[WhiteTeamCountry "FAI"]
[BlackTeamCountry "FAI"]

1. c4 f5 2. b3 Nf6 3. Bb2 e6 4. h3 b6 5. g4 Bb7 6. Nf3 Nc6 7. Rg1 Qe7 8. d4 d5 9. Nbd2 0-0-0 10. Rc1 g6 11. c5 Ne4 12. a3 Bg7 13. b4 bxc5 14. bxc5 e5 15. Nxe5 Bxe5 16. dxe5 Nxd2 17. Qxd2 d4 18. Rg3 Nxe5 19. c6 Bxc6 20. Qa5 Rd6 21. Qxa7 Kd7 22. Bg2 d3 23. Rxc6 Nxc6 24. Bxc6+ Kxc6 25. Re3 Qd8 26. Qa6+ Kd7 27. Qb5+ Kc8 28. Bxh8 Rb6 29. Qe8 d2+ 30. Kf1 d1Q+ 0-1